000 00788nam a22001577a 4500
003 OSt
005 20151209110144.0
008 151209b xxu||||| |||| 00| 0 eng d
040 _cRUA
082 _aATM MAN 2006 B194 Or.1
100 _94583
_aMAN VITOURAK; ម៉ាន់ វិទូរៈ
245 _aStudy on women's particpation in agricultural sector for developing family economics in kandal province, សិក្សាពីការចូលរួមរបស់ស្រ្តីនៅក្នុងវិស័យកសិកម្ម ដើម្បីអភិវឌ្ឍន៍សេដ្ឋកិច្ចគ្រួសារ​ នៅខេត្តកណ្ដាល.
260 _aPhnom Penh
_bRUA
_c2006
300 _axvi; 47p.
_bill.
_c29cm.
942 _2ddc
_cATM
999 _c4271
_d4271